|
|
|
|
| LEADER |
00000nas a2200000 i 4500 |
| 001 |
ssj0001218961 |
| 003 |
WaSeSS |
| 005 |
20200512172242.0 |
| 006 |
m d |
| 007 |
cr n |
| 008 |
120607c20139999enkar p s 0 a0eng |
| 010 |
|
|
|a 2012200135
|
| 015 |
|
|
|a GBB659380
|2 bnb
|
| 016 |
7 |
|
|a 017078593
|2 Uk
|
| 022 |
|
|
|a 2168-1376
|
| 035 |
|
|
|a (WaSeSS)ssj0001218961
|
| 037 |
|
|
|b Taylor & Francis Customer Services, T & F Informa UK Ltd., Sheepen Pl., Colchester, Essex, CO3 3LP UK
|
| 040 |
|
|
|a DLC
|b eng
|c DLC
|d DLC
|d OCLCQ
|d DLC
|d OCLCF
|d CUS
|d NLE
|d OCLCA
|d UKMGB
|d VT2
|d CNTRU
|d WaSeSS
|
| 042 |
|
|
|a pcc
|a nsdp
|
| 050 |
0 |
0 |
|a HT390
|
| 082 |
1 |
0 |
|a 301
|2 23
|
| 210 |
0 |
|
|a Reg. stud. reg. sci.
|
| 222 |
|
0 |
|a Regional studies, regional science
|
| 245 |
0 |
0 |
|a Regional studies, regional science
|h [electronic resource].
|
| 246 |
1 |
|
|a RSRS
|
| 260 |
|
|
|a [Abingdon, Oxon] :
|b Routledge, Taylor & Francis Group,
|c 2013-
|
| 310 |
|
|
|a Annual
|
| 362 |
1 |
|
|a Began with: 2013.
|
| 500 |
|
|
|a "Journal of the Regional Studies Association".
|
| 506 |
|
|
|a License restrictions may limit access.
|
| 588 |
|
|
|a Description based on: 2013; title from journal information screen (T&F website, viewed on December 19, 2013).
|
| 588 |
|
|
|a Latest issue consulted: 2013 (viewed on December 19, 2013).
|
| 650 |
|
0 |
|a Regional planning
|v Periodicals.
|
| 650 |
|
0 |
|a Regional economics
|v Periodicals.
|
| 650 |
|
7 |
|a Regional economics.
|2 fast
|0 (OCoLC)fst01093090
|
| 650 |
|
7 |
|a Regional planning.
|2 fast
|0 (OCoLC)fst01093120
|
| 655 |
|
0 |
|a Electronic journals.
|
| 710 |
2 |
|
|a Regional Studies Association (Seaford, England)
|
| 850 |
|
|
|a DLC
|
| 856 |
4 |
0 |
|z Full text available from Research Library: 12/01/2014 to 12/31/2014
|u https://search.proquest.com/publication/3933337
|